00634nam a22002057a 450000500170000001000130001702000230003003500130005303700160006604000120008208200130009410000250010724500960013225000110022826000530023927000390029230000260033165000320035765000390038920170124110245.0 aA-858731 c180.00a8186651144 aA-858731 bCen Lib/Ret aDPLbEN a301bBHA aBhatnagar, Vimal Rai aQuestion bank sociologycby Vimal Rai Bhatnagarbfor civil services preliminary examination a3rd ed aNew Delhi bDhillon Group of Publications c1999 bNew Delhi aE-12, Kalkaji e110019 aviii, 472p.c24cm(Hb) aSociology -- Question bank  aObjectives questions -- Sociology